| 000 | 00638nam a2200253Ia 4500 | ||
|---|---|---|---|
| 003 | OSt | ||
| 005 | 20220924152505.0 | ||
| 006 | a|||||r|||| 00| 0 | ||
| 007 | ta | ||
| 008 | 220923b |||||||| |||| 00| 0 mar d | ||
| 024 | _a342727 | ||
| 037 | _cTextual | ||
| 040 |
_aARTS _cARTS _bmar |
||
| 041 |
_2mar _amar |
||
| 082 | _aT:(S), 155K3 | ||
| 100 |
_aVirkar Au. _9226809 |
||
| 245 | 0 | _aPrayogic sheshinik mansshastra | |
| 260 | _c1963 | ||
| 300 |
_a301P. _ccm. |
||
| 650 | _aEDUCATION | ||
| 700 |
_a gadre Au. _9226810 |
||
| 942 |
_hT:(S), 155K3 _cTEXL _2CC |
||
| 999 |
_c470011 _d470011 |
||